[Event "Tournoi Skype 032A"]
[Site "Skype"]
[Date "????.??.??"]
[Round "3.1"]
[White "Resende, Paulo"]
[Black "Casey, Eamonn"]
[Result "1/2-1/2"]
[WhiteElo "1929"]
[BlackElo "1724"]
[PlyCount "68"]

1. e4 e6 2. d4 d5 3. Nc3 Nf6 4. Bg5 Be7 5. e5 Nfd7 6. Bxe7 Qxe7 7. Nf3 a6 8. g3
O-O 9. Ne2 c5 10. c3 Nc6 11. Qd2 cxd4 12. cxd4 f6 13. Bg2 fxe5 14. Nxe5 Ndxe5
15. dxe5 Nxe5 16. O-O Bd7 17. Rfe1 Nf3+ 18. Bxf3 Rxf3 19. Nf4 Qg5 20. Qe2 Rxf4
21. Qd2 Rf5 22. Qb4 b5 23. Qd6 Qd8 24. Re2 Qe8 25. Rae1 Rf6 26. Qe5 Qf7 27. f4
Rf8 28. Qd6 a5 29. Re5 g5 30. Rxg5+ Rg6 31. Rge5 Qxf4 32. Qxd7 Qf2+ 33. Kh1
Qf3+ 34. Kg1 Qf2+ 1/2-1/2

[Event "Tournoi Skype 032A"]
[Site "Skype"]
[Date "????.??.??"]
[Round "3.3"]
[White "Calcino, Luis"]
[Black "Saponara, Jose Maria"]
[Result "1-0"]
[WhiteElo "1848"]
[BlackElo "1710"]
[PlyCount "117"]

1. b3 Nf6 2. Bb2 d6 3. d3 a6 4. Nf3 Nbd7 5. e4 e5 6. Be2 c5 7. Nbd2 Be7 8. O-O
O-O 9. Re1 Re8 10. Nf1 Nf8 11. Ne3 Ne6 12. Bf1 Bd7 13. g3 Bc6 14. c4 Bf8 15.
Bg2 Rb8 16. Nd5 b5 17. Bc1 bxc4 18. dxc4 h6 19. Qc2 Bxd5 20. exd5 Nd4 21. Nxd4
exd4 22. Bd2 Qd7 23. Qd3 Rxe1+ 24. Rxe1 Re8 25. h3 Rxe1+ 26. Bxe1 Qe8 27. Kf1
Nd7 28. f4 g6 29. g4 Kg7 30. Bd2 Nf6 31. Bf3 Qd7 32. a3 Ne8 33. Bd1 Be7 34. b4
Kh7 35. b5 axb5 36. cxb5 Bd8 37. a4 Ng7 38. a5 f5 39. b6 Qb7 40. Bf3 Qc8 41.
Qb5 c4 42. Qc6 Qxc6 43. dxc6 c3 44. Be1 Ne6 45. c7 Bxc7 46. bxc7 Nxc7 47. Ke2
c2 48. Bd2 Na6 49. Bc1 Nc5 50. Bd5 fxg4 51. hxg4 h5 52. gxh5 gxh5 53. Kd2 d3
54. Ba3 h4 55. Bxc5 dxc5 56. a6 h3 57. a7 c4 58. Bxc4 h2 59. a8=Q 1-0

[Event "Tournoi Skype 032A"]
[Site "Skype"]
[Date "????.??.??"]
[Round "3.5"]
[White "Rico Hernandez, Edgar"]
[Black "Junqueira, Leonardo De Faria"]
[Result "1-0"]
[WhiteElo "1843"]
[BlackElo "1645"]
[PlyCount "101"]

1. d4 Nf6 2. c4 e5 3. dxe5 Ng4 4. Bf4 Nc6 5. Nf3 Bb4+ 6. Nbd2 Qe7 7. e3 Ngxe5
8. Nxe5 Nxe5 9. a3 Ba5 10. b4 Bb6 11. c5 Ng6 12. Bg3 d5 13. cxb6 axb6 14. Be2
c6 15. Nf3 O-O 16. O-O b5 17. Qd4 Bf5 18. Bd3 Bxd3 19. Qxd3 f5 20. Qd4 Rf7 21.
Rfe1 Raf8 22. a4 bxa4 23. Rxa4 Qd8 24. Rea1 f4 25. exf4 Nxf4 26. Bxf4 Rxf4 27.
Qe5 Qf6 28. Qxf6 R8xf6 29. Ra8+ Kf7 30. Rb1 Ke6 31. Ra7 Rg6 32. Kf1 b5 33. Ra6
Kd6 34. Rc1 Rc4 35. Rxc4 dxc4 36. Nd4 Kd5 37. Nc2 Re6 38. f3 c3 39. Ra1 Kc4 40.
Kf2 Kd3 41. Ne1+ Kc4 42. Rc1 Kxb4 43. Nc2+ Kc4 44. Ne3+ Kb4 45. Nd1 Rd6 46.
Nxc3 Rd4 47. Ke3 Rd6 48. Ne4 Re6 49. Kd4 Ka5 50. Kc5 b4 51. Ra1# 1-0

[Event "Tournoi Skype 032A"]
[Site "Skype"]
[Date "????.??.??"]
[Round "3.7"]
[White "Trivedi, Viral"]
[Black "Deville, Olivier"]
[Result "1/2-1/2"]
[WhiteElo "1551"]
[BlackElo "1863"]
[PlyCount "23"]

1. d4 g6 2. Bf4 Bg7 3. e3 d6 4. h3 Nd7 5. Nf3 Ngf6 6. Be2 c5 7. c3 a6 8. Nbd2
b5 9. dxc5 Nxc5 10. O-O O-O 11. Nb3 Qb6 12. Nxc5 1/2-1/2

[Event "Tournoi Skype 032A"]
[Site "Skype"]
[Date "????.??.??"]
[Round "3.10"]
[White "Herrera, Oscar"]
[Black "Segura Lozano, Marcos Antonio"]
[Result "0-1"]
[WhiteElo "1635"]
[BlackElo "1825"]
[PlyCount "74"]

1. e4 c5 2. Nf3 d6 3. c3 Nf6 4. Qc2 g6 5. d4 cxd4 6. cxd4 Bg7 7. Be3 O-O 8. Bd3
Nc6 9. a3 Bd7 10. O-O Rc8 11. Qe2 a6 12. h3 Na5 13. Nbd2 b5 14. b4 Nc6 15. Rfe1
h6 16. Nf1 Kh7 17. Ng3 e5 18. dxe5 dxe5 19. Rad1 Qc7 20. h4 Rfe8 21. h5 Be6 22.
hxg6+ fxg6 23. Rc1 Qf7 24. Nh4 Ng4 25. Rf1 Nd4 26. Bxd4 Rxc1 27. Rxc1 Qf4 28.
Bb2 h5 29. Rf1 Qf6 30. f3 Qxh4 31. fxg4 Qxg3 32. gxh5 Bg4 33. hxg6+ Kxg6 34.
Qd2 Bh6 35. Qf2 Be3 36. Bxb5 Rh8 37. Bc1 Qh2# 0-1

-1/2

[Event "Tournoi Skype 032A"]
[Site "Skype"]
[Date "????.??.??"]
[Round "3.11"]
[White "Perrone, Gabriel Lorenzo"]
[Black "Lucena Vaz, Jose"]
[Result "0-1"]
[WhiteElo "1629"]
[BlackElo "1804"]
[PlyCount "96"]

1. d4 g6 2. c4 c5 3. Nf3 Bg7 4. e3 Nc6 5. Be2 e6 6. Na3 a6 7. Nc2 Nge7 8. Bd2
cxd4 9. Ncxd4 Nxd4 10. exd4 Nf5 11. Bc3 O-O 12. O-O b6 13. Rc1 Bb7 14. d5 exd5
15. Bxg7 Nxg7 16. cxd5 d6 17. Re1 Rc8 18. Qd2 Re8 19. a4 Rc5 20. Bc4 Rxe1+ 21.
Qxe1 Ne8 22. b4 Rc7 23. Qd2 Qc8 24. Qd4 b5 25. axb5 axb5 26. h3 Rxc4 27. Rxc4
Qxc4 28. Qxc4 bxc4 29. b5 Nc7 30. b6 Nxd5 31. Nd4 Nxb6 32. Nb5 d5 33. Nc3 Nd7
34. Kf1 Ne5 35. f3 d4 36. Ne2 c3 37. Nxd4 Nd3 38. Ke2 Nf4+ 39. Kd1 Nxg2 40. Kc2
Ne1+ 41. Kxc3 Nxf3 42. Nxf3 Bxf3 43. Kd4 f5 44. Ke3 Bg2 45. h4 Kf7 46. Kf2 Bh3
47. Kg3 Bg4 48. Kf4 Kf6 0-1

[Event "Tournoi Skype 032A"]
[Site "Skype"]
[Date "????.??.??"]
[Round "3.12"]
[White "Mayor Martinez, Juan Jose"]
[Black "Khabou, Taha"]
[Result "1-0"]
[WhiteElo "1802"]
[BlackElo "1615"]
[PlyCount "55"]

1. e4 e6 2. e5 d5 3. exd6 Bxd6 4. Nf3 Bd7 5. d4 Bc6 6. Be2 Nf6 7. O-O Nbd7 8.
c4 Nf8 9. Nc3 Ng6 10. h3 O-O 11. Re1 Re8 12. Bf1 Bxf3 13. Qxf3 c6 14. Ne4 Nxe4
15. Qxe4 Qc7 16. Kh1 Bf4 17. Be3 Rad8 18. Rad1 Bd6 19. c5 Be7 20. Bc4 Bf6 21.
b3 b5 22. cxb6 axb6 23. a4 Ra8 24. g3 Ne7 25. Bf4 Qd8 26. Kg2 Nd5 27. Qf3 Nc3
28. Qxc3 1-0

[Event "Tournoi Skype 032A"]
[Site "Skype"]
[Date "????.??.??"]
[Round "3.13"]
[White "Morales Terreros, Jose Luis"]
[Black "Lambert, Pierre"]
[Result "0-1"]
[WhiteElo "1623"]
[BlackElo "1791"]
[PlyCount "96"]

1. e4 c5 2. Bc4 e6 3. f4 d5 4. exd5 exd5 5. Be2 Nf6 6. Nf3 Bd6 7. d4 c4 8. b3
Qe7 9. O-O O-O 10. bxc4 dxc4 11. Bxc4 Qc7 12. Ne5 Nc6 13. Bb3 Nxd4 14. Be3 Nf5
15. Bd2 b6 16. Nc3 Bb7 17. Rf2 Bc5 18. Qf1 Rad8 19. Nd3 Rxd3 20. Qxd3 Bxf2+ 21.
Kxf2 Qc5+ 22. Kf1 Ng4 23. Nd1 Nxh2+ 24. Ke2 Bxg2 25. Ne3 Nd4+ 26. Kf2 Nxb3 27.
cxb3 Bb7 28. Rg1 Nf3 29. Rh1 Ng5 30. Rh5 Ne4+ 31. Qxe4 Bxe4 32. Rxc5 bxc5 33.
Nc4 Bb1 34. Na5 Bxa2 35. b4 cxb4 36. Bxb4 Rc8 37. Kf3 Bd5+ 38. Ke3 Rb8 39. Bd6
Rb5 40. Nc4 Bxc4 41. Kd4 Be6 42. Kc3 a5 43. Kc2 a4 44. Kc3 Rb3+ 45. Kc2 a3 46.
Be5 Rf3 47. Kb1 a2+ 48. Kb2 Rf1 0-1

[Event "Tournoi Skype 032A"]
[Site "Skype"]
[Date "????.??.??"]
[Round "3.14"]
[White "Hadla, Mohammad Ali"]
[Black "Pirola, Gabriele"]
[Result "0-1"]
[WhiteElo "1614"]
[BlackElo "1702"]
[PlyCount "42"]

1. e4 e5 2. Bc4 Nc6 3. Nf3 d6 4. d3 Be7 5. Nc3 Nf6 6. h3 h6 7. Be3 a6 8. Bb3
Na5 9. O-O Nxb3 10. axb3 O-O 11. Qd2 Rb8 12. d4 exd4 13. Nxd4 Re8 14. Ra5 c5
15. Nce2 Nxe4 16. Qe1 cxd4 17. Bxd4 Bf6 18. Rh5 Bxd4 19. Nxd4 Ng3 20. Qc3 Nxh5
21. Qc5 dxc5 0-1

[Event "Tournoi Skype 032A"]
[Site "Skype"]
[Date "????.??.??"]
[Round "3.15"]
[White "Quiel, Aristoteles"]
[Black "Khetre, Gaurav"]
[Result "1-0"]
[WhiteElo "1596"]
[BlackElo "1701"]
[PlyCount "91"]

1. d4 d5 2. c4 c6 3. Nc3 Nf6 4. Bg5 dxc4 5. e4 b5 6. a3 Bb7 7. Nf3 Nbd7 8. Be2
g6 9. O-O Bg7 10. b3 cxb3 11. Qxb3 O-O 12. e5 Nd5 13. Nxd5 cxd5 14. Qxb5 Nb6
15. a4 a5 16. Bxe7 Qxe7 17. Qxb6 Rfb8 18. Qb1 Ba6 19. Qa2 Qd7 20. Bxa6 Rxa6 21.
Rfb1 Rab6 22. Rxb6 Rxb6 23. h4 Rb4 24. Qc2 Rc4 25. Qb3 Rb4 26. Qd1 h6 27. Qc2
Rc4 28. Qb3 Rb4 29. Qd1 Bf8 30. Ra2 Kg7 31. Ra1 Be7 32. Qc2 Rc4 33. Qb3 Rb4 34.
Qd1 Qg4 35. Rb1 Bxh4 36. Rxb4 axb4 37. Qb3 Be7 38. Qxd5 Qf4 39. Qb7 Qc1+ 40.
Kh2 Qf4+ 41. g3 Qf5 42. a5 b3 43. Kg2 b2 44. Qxb2 Qe4 45. a6 g5 46. Qb7 1-0

[Event "Tournoi Skype 032A"]
[Site "Skype"]
[Date "????.??.??"]
[Round "3.16"]
[White "Alvarez, Juan Evangelista"]
[Black "Abdulrazzaq, Mohsen"]
[Result "1-0"]
[WhiteElo "1693"]
[BlackElo "1585"]
[PlyCount "79"]

1. f4 c5 2. Nf3 d6 3. d4 cxd4 4. Nxd4 Nc6 5. Nxc6 bxc6 6. e3 Nf6 7. Bd3 e6 8.
O-O Be7 9. Rf3 O-O 10. Bd2 e5 11. fxe5 dxe5 12. Nc3 Bg4 13. Be2 Bxf3 14. Bxf3
Rc8 15. Qe2 Re8 16. Rd1 Bc5 17. Be1 Qe7 18. Bh4 Qe6 19. Bxf6 Qxf6 20. Ne4 Qe7
21. c3 Bb6 22. Nd6 Rcd8 23. Nxe8 Rxd1+ 24. Qxd1 Bxe3+ 25. Kh1 Qxe8 26. Bxc6 Qe7
27. Qd7 Qxd7 28. Bxd7 a5 29. g4 Bc1 30. b3 e4 31. Kg2 e3 32. Kf3 Kf8 33. h4 Ke7
34. Bb5 Ke6 35. a4 Ke5 36. h5 h6 37. b4 axb4 38. a5 b3 39. a6 b2 40. Bd3 1-0

[Event "Tournoi Skype 032A"]
[Site "Skype"]
[Date "????.??.??"]
[Round "3.17"]
[White "Hague, Mark"]
[Black "Rodier, Marc"]
[Result "0-1"]
[WhiteElo "1582"]
[BlackElo "1686"]
[PlyCount "84"]

1. d4 Nf6 2. e3 d6 3. f4 g6 4. Nc3 Bg7 5. Nf3 O-O 6. Ng5 Bg4 7. Be2 Bxe2 8.
Qxe2 Nbd7 9. Bd2 c5 10. O-O-O cxd4 11. exd4 Nb6 12. Rde1 Nc8 13. h4 h5 14. Reg1
Ng4 15. Be3 d5 16. Kb1 Qd7 17. Nd1 Nd6 18. Nf2 f5 19. c3 Ne4 20. Nfxe4 fxe4 21.
Nh3 b5 22. Nf2 a6 23. Nxg4 Qxg4 24. Qxg4 hxg4 25. Kc2 Rf6 26. h5 gxh5 27. Rxh5
e6 28. a3 Rg6 29. Rgh1 Kf7 30. g3 Rg8 31. Rh7 Kf6 32. Kb3 a5 33. a4 Rb8 34.
axb5 Rxb5+ 35. Ka2 a4 36. Rb1 a3 37. b4 Bf8 38. Rb3 Rg7 39. Rxg7 Bxg7 40. Kxa3
Rb7 41. b5 Bf8+ 42. Ka4 Ra7# 0-1

[Event "Tournoi Skype 032A"]
[Site "Skype"]
[Date "????.??.??"]
[Round "3.18"]
[White "Sanchez Ruiz, Justo"]
[Black "Yeter, Orhan"]
[Result "1/2-1/2"]
[WhiteElo "1671"]
[BlackElo "1578"]
[PlyCount "117"]

1. e4 e5 2. Bc4 Nf6 3. d4 exd4 4. Nf3 Bb4+ 5. c3 dxc3 6. bxc3 Ba5 7. O-O O-O 8.
e5 Ne4 9. Qc2 d5 10. exd6 Nxd6 11. Bd3 h6 12. Re1 Nd7 13. Na3 Nf6 14. Be3 Re8
15. Bd4 Bb6 16. Rxe8+ Ndxe8 17. Bxb6 axb6 18. Nc4 Be6 19. Nd4 Bxc4 20. Bxc4 Nd6
21. Bb3 c5 22. Nf5 c4 23. Rd1 cxb3 24. Qxb3 Nfe4 25. Nxd6 Nxd6 26. Qd5 Ra5 27.
Qxd6 Qxd6 28. Rxd6 Rxa2 29. g3 Ra6 30. Rd8+ Kh7 31. Rd7 Kg6 32. Rxb7 Kf6 33.
Rb8 Ke5 34. Rf8 Kf6 35. Rb8 g6 36. Rc8 b5 37. Rb8 Rc6 38. Rxb5 Rxc3 39. Kg2 g5
40. h3 h5 41. Ra5 Rc6 42. Rb5 Re6 43. h4 gxh4 44. Rxh5 hxg3 45. Kxg3 Re5 46.
Rh4 Rg5+ 47. Kf4 Rf5+ 48. Kg3 Kg5 49. Ra4 Rd5 50. Rg4+ Kf6 51. Ra4 Ke5 52. Kf3
f5 53. Ra8 Rd4 54. Re8+ Kf6 55. Re1 Rd3+ 56. Kf4 Rd4+ 57. Kf3 Kg5 58. Rg1+ Kf6
59. Re1 1/2-1/2

[Event "Tournoi Skype 032A"]
[Site "Skype"]
[Date "????.??.??"]
[Round "3.19"]
[White "Pasasin, Alejandro"]
[Black "Castellanos Gonzalez, Mariano"]
[Result "0-1"]
[WhiteElo "1576"]
[BlackElo "1670"]
[PlyCount "65"]

1. e4 d6 2. d4 Nf6 3. Nc3 g6 4. Be2 Bg7 5. g4 a6 6. h3 b5 7. g5 Nfd7 8. Nf3 c5
9. d5 Nb6 10. Qd2 b4 11. Nd1 O-O 12. h4 e6 13. Ne3 Bb7 14. h5 exd5 15. exd5
N8d7 16. a3 a5 17. a4 Ne5 18. h6 Bh8 19. Rg1 Nxf3+ 20. Bxf3 Re8 21. Kd1 Qd7 22.
Bg4 Qc7 23. Ra2 c4 24. b3 c3 25. Qd3 Ba6 26. Nc4 Nxc4 27. Qh3 Ne5 28. Be2 Bxe2+
29. Kxe2 Qb7 30. Rd1 Qa6+ 31. Ke3 Ng4+ 32. Kf3 Qe2+ 33. Kg3 0-1

[Event "Tournoi Skype 032A"]
[Site "Skype"]
[Date "????.??.??"]
[Round "3.20"]
[White "Nicolini, Francesco"]
[Black "Sequeda Pimiento, Javier Ricardo"]
[Result "1/2-1/2"]
[WhiteElo "1666"]
[BlackElo "1576"]
[PlyCount "31"]

1. e4 e5 2. Nf3 Nc6 3. Bc4 Bc5 4. O-O Nf6 5. Nc3 O-O 6. Re1 a6 7. d3 b5 8. Bb3
d6 9. a3 Nd4 10. Nxd4 Bxd4 11. Nd5 Ng4 12. Ne3 Qh4 13. Nxg4 Bxg4 14. Qd2 h6 15.
c3 Bb6 16. Bd1 1/2-1/2

[Event "Tournoi Skype 032A"]
[Site "Skype"]
[Date "????.??.??"]
[Round "3.22"]
[White "Bendre, Pankaj"]
[Black "Vasquez Cienfuegos, Oscar"]
[Result "1-0"]
[WhiteElo "1479"]
[BlackElo "1651"]
[PlyCount "61"]

1. d4 d5 2. b3 Nf6 3. Bb2 e6 4. Nf3 Nc6 5. e3 Bb4+ 6. c3 Bd6 7. Nbd2 a6 8. Bd3
h6 9. O-O O-O 10. c4 Re8 11. Ne5 Nb4 12. Ndf3 Nxd3 13. Qxd3 Bb4 14. a3 Bf8 15.
c5 c6 16. Qc2 g6 17. Nd2 Bg7 18. Rac1 Qc7 19. f4 Ng4 20. Nxg4 Rf8 21. Ne5 Qe7
22. Ndf3 Kh7 23. Rcd1 Qe8 24. Nh4 h5 25. e4 Bh6 26. f5 exf5 27. exf5 Rg8 28.
fxg6+ fxg6 29. Rf7+ Rg7 30. Qxg6+ Kg8 31. Rxg7+ 1-0

[Event "Tournoi Skype 032A"]
[Site "Skype"]
[Date "????.??.??"]
[Round "3.24"]
[White "Bourdeau, Yvan"]
[Black "Vaswani, Manohar"]
[Result "1/2-1/2"]
[WhiteElo "1740"]
[BlackElo "1447"]
[PlyCount "63"]

1. d4 d5 2. Bf4 Bf5 3. e3 e6 4. Nf3 c5 5. c3 Nf6 6. Nbd2 c4 7. Ne5 Bd6 8. Bg3
Ne4 9. Be2 O-O 10. Bg4 Bxg4 11. Qxg4 Nxd2 12. Kxd2 Bxe5 13. Bxe5 f6 14. Bxb8 f5
15. Qe2 Qxb8 16. f4 Qd8 17. h4 Qb6 18. b4 cxb3 19. axb3 Qxb3 20. Rhb1 Qc4 21.
Qxc4 dxc4 22. Rxb7 Rf7 23. Rab1 a5 24. Rb8+ Rxb8 25. Rxb8+ Rf8 26. Rb5 a4 27.
Ra5 Rb8 28. Kc2 Kf7 29. Rxa4 Rc8 30. Ra6 Ke7 31. Ra7+ Kf6 32. Ra6 1/2-1/2

[Event "Tournoi Skype 032A"]
[Site "Skype"]
[Date "????.??.??"]
[Round "3.26"]
[White "Chavero, Victor"]
[Black "Davis, Michael"]
[Result "1-0"]
[WhiteElo "1563"]
[BlackElo "1590"]
[PlyCount "55"]

1. Nf3 Nf6 2. d4 d5 3. e3 Bg4 4. Be2 e6 5. O-O Nbd7 6. Nbd2 Bd6 7. h3 Bf5 8. c4
c6 9. Qb3 b6 10. Qa4 Qc7 11. Nh4 Bg6 12. Nxg6 hxg6 13. Qd1 Nh5 14. cxd5 cxd5
15. Nf3 Ndf6 16. g4 Nxg4 17. hxg4 Nf6 18. Kg2 Nxg4 19. Ng5 Rh2+ 20. Kg1 Nf6 21.
f4 Rh6 22. Bd2 Ke7 23. Bf3 Rah8 24. Qe2 Ng4 25. Rfd1 Rh2 26. Bg2 Nf6 27. Rac1
Qb8 28. Kf1 1-0

[Event "Tournoi Skype 032A"]
[Site "Skype"]
[Date "????.??.??"]
[Round "3.27"]
[White "Garcia Andrinal, Antonio"]
[Black "Gharbi, Said"]
[Result "0-1"]
[WhiteElo "1725"]
[BlackElo "1544"]
[PlyCount "54"]

1. e4 e5 2. Nf3 Nc6 3. Bc4 h6 4. d4 Bd6 5. dxe5 Bxe5 6. Nxe5 Nxe5 7. Bb3 Nf6 8.
O-O d6 9. Nc3 O-O 10. f3 b6 11. Nd5 Bb7 12. Be3 c6 13. Nxf6+ Qxf6 14. Qd2 Rfd8
15. Rad1 Ng6 16. Bd4 Qf4 17. Qf2 Rd7 18. g3 Qg5 19. Be3 Qf6 20. f4 Ba6 21. Rfe1
c5 22. c4 Rad8 23. f5 Ne5 24. Qf1 Ng4 25. Bf4 Qxb2 26. Ba4 Rb7 27. Bxd6 Qxh2#
0-1

[Event "Tournoi Skype 032A"]
[Site "Skype"]
[Date "????.??.??"]
[Round "3.28"]
[White "Munoz Gonzalez, Martin"]
[Black "Sosa, Juan Carlos"]
[Result "1-0"]
[WhiteElo "1658"]
[BlackElo "1569"]
[PlyCount "131"]

1. f4 e6 2. Nf3 Nc6 3. b3 Bc5 4. Bb2 Nf6 5. e3 d5 6. Be2 Bd7 7. O-O Qe7 8. c4
h6 9. a3 a6 10. d3 Bxe3+ 11. Kh1 Bxf4 12. Re1 h5 13. Bf1 O-O-O 14. cxd5 Nxd5
15. d4 g5 16. Nc3 Qd6 17. Ne4 Qe7 18. b4 g4 19. Nfd2 h4 20. Nc4 h3 21. g3 Bg5
22. Qxg4 Rdg8 23. Nxg5 Rxg5 24. Qf3 f6 25. Na5 Nxa5 26. Bc1 Rf5 27. Qxf5 exf5
28. Rxe7 Nxe7 29. bxa5 Bc6+ 30. Kg1 Nd5 31. Bc4 f4 32. Bxd5 Bxd5 33. Bxf4 Re8
34. Kf2 Re4 35. Rd1 Bc4 36. d5 Re2+ 37. Kg1 Kd7 38. Rc1 b5 39. axb6 cxb6 40.
Rxc4 Ra2 41. Rc6 Rxa3 42. Rxb6 Ra1+ 43. Kf2 Ra2+ 44. Ke3 Rxh2 45. Rxa6 Rg2 46.
g4 Rxg4 47. Rxf6 Rh4 48. Bh2 Ra4 49. Kf2 Ra3 50. Rf3 Ra5 51. Rd3 Rb5 52. Ke3
Rb4 53. Kf3 Rh4 54. Kg3 Rh5 55. Kg4 Rh6 56. Rxh3 Rg6+ 57. Kf5 Ra6 58. Rh7+ Ke8
59. Ke5 Ra2 60. d6 Re2+ 61. Kd5 Rd2+ 62. Kc5 Kf8 63. Be5 Rc2+ 64. Kd5 Ke8 65.
Ke6 Kf8 66. Rh8# 1-0

[Event "Tournoi Skype 032A"]
[Site "Skype"]
[Date "????.??.??"]
[Round "3.29"]
[White "Ramirez Reina, Orlando"]
[Black "Lago Carballo, Maria Del Carmen"]
[Result "0-1"]
[WhiteElo "1567"]
[BlackElo "1604"]
[PlyCount "36"]

1. e4 d5 2. exd5 Qxd5 3. Nc3 Qd8 4. Bc4 Nf6 5. Nf3 Bf5 6. Ne5 e6 7. a3 Nbd7 8.
Nxd7 Qxd7 9. Bb3 c6 10. d3 h6 11. Bd2 Be7 12. Na4 Qd8 13. h3 Bg6 14. Be3 O-O
15. Nc5 Qc7 16. Qf3 Nd5 17. O-O-O Nxe3 18. Qxe3 Bg5 0-1

[Event "Tournoi Skype 032A"]
[Site "Skype"]
[Date "????.??.??"]
[Round "3.30"]
[White "De Fazio, Monica"]
[Black "Llabres, Sergio"]
[Result "0-1"]
[WhiteElo "1603"]
[BlackElo "1556"]
[PlyCount "98"]

1. d4 d5 2. c4 c6 3. g3 h6 4. Bg2 Nf6 5. Nf3 Bg4 6. O-O e6 7. b3 Be7 8. Bb2 O-O
9. Nc3 Nbd7 10. Qc2 Bf5 11. Qd2 Ne4 12. Nxe4 Bxe4 13. Ne1 Bxg2 14. Nxg2 Nf6 15.
f3 Bd6 16. Rfe1 Re8 17. e4 dxe4 18. fxe4 e5 19. dxe5 Bxe5 20. Qxd8 Raxd8 21.
Bxe5 Rxe5 22. Rad1 Rxd1 23. Rxd1 Re7 24. Rd8+ Kh7 25. e5 Rxe5 26. Rf8 Re7 27.
a3 g5 28. h4 Rd7 29. Ne3 Kg7 30. Ra8 a6 31. c5 Rd3 32. Nf5+ Kg6 33. Ne7+ Kh5
34. Rf8 Rxg3+ 35. Kh2 gxh4 36. Kh1 Rxb3 37. Rxf7 Kg5 38. Rg7+ Kh5 39. Rf7 Ne4
40. Rf5+ Kg4 41. Re5 Ng3+ 42. Kg1 Rxa3 43. Ng6 h3 44. Re1 Ra2 45. Ne5+ Kf4 46.
Nd3+ Kf3 47. Ne5+ Kf4 48. Nd3+ Kf5 49. Re5+ Kf6 0-1

[Event "Tournoi Skype 032A"]
[Site "Skype"]
[Date "????.??.??"]
[Round "3.31"]
[White "Kumbhar, Ashok"]
[Black "Le Brun, Yves"]
[Result "1-0"]
[WhiteElo "1511"]
[BlackElo "1601"]
[PlyCount "97"]

1. e4 e6 2. d4 d5 3. Nd2 Nf6 4. exd5 Nxd5 5. c4 Nf6 6. Ngf3 h6 7. Be2 Be7 8.
O-O c5 9. dxc5 Bxc5 10. Nb3 Be7 11. Be3 Nc6 12. Bc5 b6 13. Qxd8+ Nxd8 14. Bxe7
Kxe7 15. c5 Bb7 16. cxb6 axb6 17. Rac1 Rc8 18. Ne5 Rxc1 19. Rxc1 Nd5 20. Bf3
Re8 21. Nd4 f6 22. Nec6+ Nxc6 23. Nxc6+ Kd6 24. Nb4 Rc8 25. Rxc8 Bxc8 26. Nxd5
exd5 27. Kf1 Kc5 28. Ke2 d4 29. Kd3 Bf5+ 30. Kd2 Kb4 31. g4 Bb1 32. a3+ Kb3 33.
Kc1 Bd3 34. Bd1+ Kc4 35. Bc2 Bxc2 36. Kxc2 d3+ 37. Kb1 b5 38. Kc1 Kb3 39. f4 g6
40. h4 d2+ 41. Kxd2 Kxb2 42. g5 hxg5 43. f5 g4 44. fxg6 Kxa3 45. g7 b4 46. g8=Q
b3 47. Qxg4 b2 48. Qg1 Ka2 49. Kc2 1-0

[Event "Tournoi Skype 032A"]
[Site "Skype"]
[Date "????.??.??"]
[Round "3.33"]
[White "Lopes, Marcia Maria"]
[Black "L'Herbon De Lussats, Jean"]
[Result "1/2-1/2"]
[WhiteElo "1579"]
[BlackElo "1493"]
[PlyCount "128"]

1. d4 d5 2. Bf4 Nf6 3. Nf3 Bg4 4. e3 Nbd7 5. Nbd2 c5 6. c3 Rc8 7. h3 Bf5 8. Be2
cxd4 9. exd4 h6 10. O-O g5 11. Bh2 Rg8 12. Ne5 Qb6 13. Qb3 g4 14. Bg3 gxh3 15.
Bf3 hxg2 16. Bxg2 h5 17. Ndf3 Bh6 18. Rfe1 Be4 19. Kh2 Ng4+ 20. Nxg4 hxg4 21.
Nh4 Bg5 22. Kg1 Rh8 23. Bxe4 dxe4 24. Nf5 Nf6 25. Qxb6 axb6 26. Be5 Kd7 27.
Bxf6 Bxf6 28. Rxe4 e6 29. Ng3 Rh4 30. Kg2 Rch8 31. Rh1 Be7 32. Rxh4 Rxh4 33.
Re3 f5 34. f4 gxf3+ 35. Rxf3 f4 36. Nf1 Rg4+ 37. Kf2 Bh4+ 38. Ke2 Rg2+ 39. Kd3
Bg5 40. Nd2 Rg3 41. Rxg3 fxg3 42. Nf3 Bf4 43. Ke2 g2 44. Kf2 Bc1 45. b3 b5 46.
Kxg2 Bb2 47. c4 bxc4 48. bxc4 Kd6 49. Kf2 Kc6 50. Ke3 b5 51. Kd3 bxc4+ 52. Kxc4
Ba3 53. Ne5+ Kd6 54. Nd3 Kc6 55. Nb4+ Kd7 56. Kb3 Bc1 57. a3 Be3 58. Kc4 Kd6
59. a4 e5 60. dxe5+ Kxe5 61. a5 Kd6 62. a6 Kc7 63. Nd5+ Kc6 64. Nb4+ Kb6
1/2-1/2

[Event "Tournoi Skype 032A"]
[Site "Skype"]
[Date "????.??.??"]
[Round "4.1"]
[White "Ricieri, Vinicius"]
[Black "Grosso, Raul"]
[Result "0-1"]
[WhiteElo "1878"]
[BlackElo "1848"]
[PlyCount "78"]

1. d4 Nf6 2. c4 c5 3. Nf3 cxd4 4. Nxd4 g6 5. g3 Bg7 6. Bg2 Nc6 7. O-O O-O 8.
Nc3 Nxd4 9. Qxd4 d6 10. b3 Nd7 11. Qd2 a5 12. Bb2 Nc5 13. Rad1 Re8 14. Rfe1 Bd7
15. e4 Bc6 16. Nd5 Bxd5 17. exd5 Qb6 18. Re3 Bxb2 19. Qxb2 Qc7 20. a3 Nd7 21.
Rde1 Nf6 22. Qe2 Kf8 23. b4 axb4 24. axb4 Ra4 25. Rb1 Rea8 26. c5 Ra1 27. Qb2
Rxb1+ 28. Qxb1 dxc5 29. bxc5 Qxc5 30. Qxb7 Ra1+ 31. Bf1 Qc1 32. Qb5 Rb1 33. Rb3
Ra1 34. h4 Nxd5 35. Kg2 Nf6 36. Rb4 Qe1 37. g4 Ra2 38. Rf4 Nxg4 39. Qc5 Ne3+
0-1

[Event "Tournoi Skype 032A"]
[Site "Skype"]
[Date "????.??.??"]
[Round "4.2"]
[White "Elias, Roberto"]
[Black "Calcino, Luis"]
[Result "1-0"]
[WhiteElo "1821"]
[BlackElo "1848"]
[PlyCount "63"]

1. b4 Nf6 2. Bb2 e6 3. a3 c5 4. b5 d5 5. e3 a6 6. c4 Bd6 7. Nf3 Nbd7 8. cxd5
exd5 9. Nc3 O-O 10. d4 cxd4 11. Qxd4 Bc5 12. Qd2 Nb6 13. bxa6 bxa6 14. Nd4 Nc4
15. Bxc4 dxc4 16. Na4 Ne4 17. Qc2 Qa5+ 18. Ke2 Bxd4 19. Bxd4 Bf5 20. Qd1 Rad8
21. Rc1 Nd6 22. f3 Bd3+ 23. Kf2 Nb5 24. Bb6 Nc3 25. Bxa5 Nxd1+ 26. Rhxd1 Rd5
27. Bb4 Rc8 28. Nb6 Rcd8 29. Nxd5 Rxd5 30. e4 Rb5 31. Rxd3 cxd3 32. Rc8# 1-0

[Event "Tournoi Skype 032A"]
[Site "Skype"]
[Date "????.??.??"]
[Round "4.3"]
[White "Casey, Eamonn"]
[Black "Rico Hernandez, Edgar"]
[Result "0-1"]
[WhiteElo "1724"]
[BlackElo "1843"]
[PlyCount "66"]

1. d4 d5 2. c4 e6 3. Nf3 Nf6 4. Bg5 Be7 5. Nc3 Nbd7 6. e3 c6 7. Bd3 O-O 8. O-O
dxc4 9. Bxc4 Nd5 10. Bxe7 Qxe7 11. Rc1 Nxc3 12. bxc3 e5 13. Re1 e4 14. Nd2 Nf6
15. f3 exf3 16. Nxf3 Bg4 17. Bd3 Rad8 18. e4 Rfe8 19. Qe2 Qc7 20. e5 Bxf3 21.
Qxf3 Nd5 22. Be4 Qe7 23. c4 Nb6 24. d5 cxd5 25. cxd5 g6 26. d6 Qxe5 27. Rc7 f5
28. Qb3+ Re6 29. Qh3 Rd7 30. Rxd7 Nxd7 31. Qh4 Nf6 32. d7 Nxd7 33. Qd8+ Nf8 0-1

[Event "Tournoi Skype 032A"]
[Site "Skype"]
[Date "????.??.??"]
[Round "4.4"]
[White "Graham, Neil"]
[Black "Resende, Paulo"]
[Result "1-0"]
[WhiteElo "1622"]
[BlackElo "1929"]
[PlyCount "55"]

1. d4 d5 2. c4 e6 3. e3 Nf6 4. Nc3 Bb4 5. cxd5 exd5 6. Bd2 c6 7. Bd3 O-O 8.
Nge2 Re8 9. O-O Bd6 10. f3 Qc7 11. g3 c5 12. Nb5 Qb6 13. Nxd6 Qxd6 14. dxc5
Qxc5 15. Rc1 Qd6 16. Nd4 a6 17. Qc2 Bh3 18. Rfe1 Nh5 19. Bxh7+ Kh8 20. Bf5 Bxf5
21. Qxf5 Nf6 22. Qh3+ Kg8 23. Nf5 Qe5 24. Bc3 Qe6 25. g4 Nc6 26. g5 Nd7 27.
Bxg7 f6 28. g6 1-0

[Event "Tournoi Skype 032A"]
[Site "Skype"]
[Date "????.??.??"]
[Round "4.6"]
[White "Deville, Olivier"]
[Black "Quispe, Alberto"]
[Result "1-0"]
[WhiteElo "1863"]
[BlackElo "1680"]
[PlyCount "59"]

1. Nf3 d5 2. e3 c5 3. Bb5+ Nc6 4. O-O a6 5. Bxc6+ bxc6 6. b3 Nf6 7. Bb2 e6 8.
d3 Be7 9. Qe2 O-O 10. h3 a5 11. a4 Ba6 12. Nbd2 Rb8 13. Be5 Bd6 14. e4 dxe4 15.
Nxe4 Nxe4 16. Qxe4 Bxe5 17. Nxe5 Bb7 18. Kh1 Qd4 19. Qxd4 cxd4 20. Nd7 Rbe8 21.
Nxf8 Kxf8 22. Rae1 e5 23. f4 Re6 24. Rxe5 Rg6 25. Rfe1 Re6 26. Rxe6 fxe6 27.
Rxe6 Kf7 28. Re5 g6 29. Rxa5 h5 30. Ra7 1-0